000 00870nam a2200301 a 4500
003 AR-BaBNM
005 20251128202736.0
008 082120s2002 ||||||||||||||000 | spa||
020 _a84-7100-357-0
040 _cAR-BaBNM
100 1 _aMaza Zavala, Domingo Felipe
245 0 0 _aHispanoamérica angloamericana
_bcausas y factores de su diferente evolución
250 _a1ª ed.
260 _aMadrid
_bMapfre
_c1992
300 _a298 p.
_btablas, mapas
490 0 _aRealidades americanas
_vv. 1
504 _aBibliografía para consultar p. 287-289.
650 4 _aECONOMIA
650 4 _aHISTORIA ECONOMICA
650 4 _aPERIODO HISPANICO
650 4 _aPERIODO INDEPENDIENTE
650 4 _aHISTORIA POLITICA
651 4 _aEstados Unidos
651 4 _aAmérica Latina
800 1 _aGallego, José Andrés
_ecoordinador
942 _cBK
998 _cmariana
999 _c353
_d353